[Event "Rychnov Seniors op"]
[Site "Rychnov nad Kneznou"]
[Date "2012.08.20"]
[Round "1"]
[White "Hlavac, Frantisek"]
[Black "Gunnarsson, Leif"]
[Result "1-0"]
[WhiteElo "2036"]
[BlackElo "1759"]
[PlyCount "55"]
[EventDate "2012.08.20"]
[EventType "swiss"]
[EventRounds "9"]
[EventCountry "CZE"]
[SourceTitle "CBM 150 Extra"]
[Source "ChessBase"]
[SourceDate "2012.10.19"]
[SourceVersion "1"]
[SourceVersionDate "2012.10.19"]
[SourceQuality "1"]

1. e4 c5 2. Nc3 Nc6 3. g3 d6 4. Bg2 g6 5. d3 Bg7 6. Be3 Nf6 7. h3 0-0 8. Qd2 Re8 9. Bh6 Bh8 10. Nge2 e6 11. 0-0 Bd7 12. f4 Qb6 13. Rab1 Nd4 14. g4 Bc6 15. Kh1 d5 16. Ng3 dxe4 17. dxe4 Rad8 18. Qf2 Rd7 19. Nd1 Bb5 20. Re1 Nc6 21. Ne3 c4 22. c3 Rc8 23. Qe2 Ne7 24. f5 Qc7 25. Qf2 e5 26. Bg5 Rd6 27. h4 Bg7 28. Bxf6 1-0

[Event "Marianske Lazne op"]
[Site "Marianske Lazne"]
[Date "2006.01.21"]
[Round "1"]
[White "Thonig, Manfred"]
[Black "Hlavac, Frantisek"]
[Result "0-1"]
[WhiteElo "1806"]
[BlackElo "2162"]
[PlyCount "40"]
[EventDate "2006.01.21"]
[EventType "swiss"]
[EventRounds "9"]
[EventCountry "CZE"]
[SourceTitle "CBM 110 Extra"]
[Source "ChessBase"]
[SourceDate "2006.03.10"]
[SourceVersion "2"]
[SourceVersionDate "2006.03.10"]
[SourceQuality "1"]

1. f4 Nf6 2. Nf3 g6 3. e3 Bg7 4. c4 d5 5. Nc3 0-0 6. Bd3 Bg4 7. 0-0 e6 8. Qe1 Bxf3 9. Rxf3 c5 10. b3 Nc6 11. a3 d4 12. Na4 dxe3 13. Be2 Nd4 14. Qd1 Nxf3+ 15. Bxf3 exd2 16. Bb2 Ne8 17. Bxg7 Nxg7 18. Ra2 Qd4+ 19. Kh1 Rad8 20. g3 Nf5 0-1

[Event "CZE-Cup01 fin bd02 email"]
[Site "Czech email"]
[Date "2003.??.??"]
[Round "?"]
[White "Hlavac, Frantisek"]
[Black "Bucek, Jiri"]
[Result "1-0"]
[WhiteElo "2405"]
[BlackElo "2300"]
[PlyCount "53"]
[EventDate "2003.??.??"]
[EventType "tourn (corr)"]
[EventRounds "14"]
[EventCountry "CZE"]
[SourceTitle "Corr 2006"]
[Source "ChessBase"]
[SourceDate "2006.04.01"]
[SourceVersion "3"]
[SourceVersionDate "2006.04.01"]
[SourceQuality "1"]

1. e4 e5 2. Nf3 Nc6 3. Bb5 a6 4. Ba4 Nf6 5. 0-0 Be7 6. Re1 b5 7. Bb3 d6 8. c3 0-0 9. h3 Bb7 10. d4 Nd7 11. Nbd2 exd4 12. cxd4 Bf6 13. Nf1 Re8 14. Ng3 Na5 15. Bc2 g6 16. Bh6 c5 17. e5 dxe5 18. dxc5 Nc4 19. Ne4 Be7 20. b4 a5 21. a3 Nf6 22. Nc3 Qxd1 23. Rexd1 Red8 24. Nxb5 Bc6 25. Nc7 Ra7 26. Rxd8+ Bxd8 27. b5 1-0

[Event "CZE-chT2J 0203"]
[Site "Czech Republic"]
[Date "2003.??.??"]
[Round "7"]
[White "Hlavac, Frantisek"]
[Black "Pechoc, Bohumil"]
[Result "1-0"]
[WhiteElo "2165"]
[BlackElo "1977"]
[PlyCount "69"]
[EventDate "2002.10.??"]
[EventType "team-tourn"]
[EventRounds "11"]
[EventCountry "CZE"]
[SourceTitle "EXT 2007"]
[Source "ChessBase"]
[SourceDate "2006.11.23"]
[SourceVersion "1"]
[SourceVersionDate "2006.11.23"]
[SourceQuality "1"]

1. e4 e5 2. Bc4 Nf6 3. d3 d5 4. exd5 Nxd5 5. Nf3 Nc6 6. 0-0 Nb6 7. Bb3 f6 8. Re1 Be7 9. a4 a5 10. Nc3 Bg4 11. Be3 Bh5 12. Nb5 Bf7 13. Bxf7+ Kxf7 14. Bxb6 cxb6 15. c3 g6 16. Qb3+ Kg7 17. d4 Rf8 18. Rad1 Qc8 19. Rd2 exd4 20. Nbxd4 Rf7 21. Qxb6 Ra6 22. Qb3 Nxd4 23. Nxd4 f5 24. Rde2 Qd7 25. Qc4 h5 26. Ne6+ Kh7 27. Nc7 Bd6 28. Nxa6 bxa6 29. Re6 Bb8 30. Qxa6 Qc7 31. g3 f4 32. Rxg6 fxg3 33. Rh6+ Kg8 34. Qg6+ Rg7 35. Re8# 1-0

[Event "CZE-Cup01 fin bd02 email"]
[Site "Czech email"]
[Date "2003.??.??"]
[Round "?"]
[White "Hlavac, Frantisek"]
[Black "Pravec, Ladislav"]
[Result "0-1"]
[WhiteElo "2405"]
[BlackElo "2265"]
[PlyCount "82"]
[EventDate "2003.??.??"]
[EventType "tourn (corr)"]
[EventRounds "14"]
[EventCountry "CZE"]
[SourceTitle "Corr 2006"]
[Source "ChessBase"]
[SourceDate "2006.04.01"]
[SourceVersion "3"]
[SourceVersionDate "2006.04.01"]
[SourceQuality "1"]

1. e4 c5 2. d4 cxd4 3. c3 dxc3 4. Nxc3 Nc6 5. Nf3 e6 6. Bc4 Nf6 7. Qe2 d6 8. 0-0 Be7 9. Rd1 e5 10. Be3 0-0 11. a3 Be6 12. b4 Rc8 13. Bxe6 fxe6 14. Rac1 Qe8 15. Qa2 Nd8 16. Qb3 a6 17. a4 b5 18. axb5 axb5 19. h3 Rc4 20. Nd2 Rc7 21. Kh2 Rb7 22. Ra1 Qc6 23. Rdc1 Qd7 24. Nf3 Nf7 25. Rd1 Rc8 26. Ra5 Rcb8 27. Qa2 h6 28. Qb3 Qc6 29. Rc1 Nxe4 30. Nxe4 Qxe4 31. Qxe6 Qxb4 32. Ra2 Qe4 33. Nd2 Qd3 34. Rac2 Bf6 35. Qg4 Kh7 36. Ne4 d5 37. Nc5 Qg6 38. Nxb7 Qxg4 39. hxg4 Rxb7 40. Rc7 Nd6 41. Bc5 Rxc7 0-1

[Event "CZE-Cup01 fin bd02 email"]
[Site "Czech email"]
[Date "2003.??.??"]
[Round "?"]
[White "Hlavac, Frantisek"]
[Black "Svrsek, Radomir Sr"]
[Result "1/2-1/2"]
[WhiteElo "2405"]
[BlackElo "2230"]
[PlyCount "43"]
[EventDate "2003.??.??"]
[EventType "tourn (corr)"]
[EventRounds "14"]
[EventCountry "CZE"]
[SourceTitle "Corr 2006"]
[Source "ChessBase"]
[SourceDate "2006.04.01"]
[SourceVersion "3"]
[SourceVersionDate "2006.04.01"]
[SourceQuality "1"]

1. e4 c6 2. d4 d5 3. exd5 cxd5 4. c3 Nf6 5. Bf4 Nc6 6. Nf3 Nh5 7. Be3 e6 8. Ne5 Nf6 9. Nd2 Bd6 10. f4 Qb6 11. Qb3 Qxb3 12. axb3 0-0 13. Bd3 Ne7 14. 0-0 Nf5 15. Rfe1 Nxe3 16. Rxe3 Ne8 17. g3 f6 18. Ng4 Nc7 19. b4 Bd7 20. Ree1 a6 21. Kg2 Bc6 22. Ra2 1/2-1/2

[Event "CZE-Cup01 fin bd02 email"]
[Site "Czech email"]
[Date "2003.??.??"]
[Round "?"]
[White "Hnilicka, Michal"]
[Black "Hlavac, Frantisek"]
[Result "0-1"]
[WhiteElo "2090"]
[BlackElo "2405"]
[PlyCount "70"]
[EventDate "2003.??.??"]
[EventType "tourn (corr)"]
[EventRounds "14"]
[EventCountry "CZE"]
[SourceTitle "Corr 2006"]
[Source "ChessBase"]
[SourceDate "2006.04.01"]
[SourceVersion "3"]
[SourceVersionDate "2006.04.01"]
[SourceQuality "1"]

1. e4 c5 2. Nf3 Nc6 3. d4 cxd4 4. Nxd4 Nf6 5. Nc3 e5 6. Ndb5 d6 7. Bg5 a6 8. Na3 b5 9. Bxf6 gxf6 10. Nd5 f5 11. Bxb5 axb5 12. Nxb5 Ra4 13. c4 Rxc4 14. 0-0 Be7 15. Rc1 Rc5 16. Nxe7 Kxe7 17. Rxc5 dxc5 18. Qc1 Nd4 19. Qxc5+ Kf6 20. Nd6 f4 21. Nxc8 Qxc8 22. Qd6+ Qe6 23. Qxe6+ Kxe6 24. f3 Rc8 25. Rf2 h5 26. Rd2 Rc1+ 27. Kf2 h4 28. h3 Kd6 29. b4 Ra1 30. b5 Kc5 31. Rb2 Kb6 32. a4 f5 33. exf5 Nxf5 34. Ke2 Rxa4 35. Kd3 Ne3 0-1

[Event "CZE-chT B1 corr"]
[Site "Czechia"]
[Date "2003.??.??"]
[Round "?"]
[White "Merlicek, Jiri"]
[Black "Hlavac, Frantisek"]
[Result "1-0"]
[WhiteElo "2390"]
[BlackElo "2405"]
[PlyCount "57"]
[EventDate "2002.??.??"]
[EventType "team (corr)"]
[EventRounds "14"]
[EventCountry "CZE"]
[SourceTitle "Corr 2004"]
[Source "ChessBase"]
[SourceDate "2003.04.28"]
[SourceVersion "3"]
[SourceVersionDate "2003.04.28"]
[SourceQuality "1"]

1. e4 e5 2. Nf3 Nf6 3. Nxe5 d6 4. Nf3 Nxe4 5. d4 d5 6. Bd3 Be7 7. 0-0 Nc6 8. c4 Nb4 9. Be2 0-0 10. Nc3 Be6 11. Ne5 c5 12. Nxe4 dxe4 13. d5 Bf5 14. a3 Na6 15. f3 Qc7 16. fxe4 Bxe4 17. Nf3 Bd6 18. h3 h6 19. Bd3 Rae8 20. Nh4 Qd8 21. Nf5 Bxf5 22. Bxf5 Be5 23. Qg4 Qb6 24. Kh1 Re7 25. Rb1 Rfe8 26. Bd3 Bd4 27. Bf4 Rf8 28. d6 Re6 29. Rbe1 1-0

[Event "CZE-chTJ 0102"]
[Site "Czech Republic"]
[Date "2002.??.??"]
[Round "8"]
[White "Balcar, Martin"]
[Black "Hlavac, Frantisek"]
[Result "0-1"]
[WhiteElo "2108"]
[BlackElo "2158"]
[PlyCount "112"]
[EventDate "2001.??.??"]
[EventType "team-tourn"]
[EventRounds "11"]
[EventCountry "CZE"]
[SourceTitle "EXT 2003"]
[Source "ChessBase"]
[SourceDate "2002.11.25"]
[SourceVersion "1"]
[SourceVersionDate "2002.11.25"]
[SourceQuality "1"]
[WhiteTeam "Domazlice"]
[BlackTeam "Sokolov"]
[WhiteTeamCountry "CZE"]
[BlackTeamCountry "CZE"]

1. e4 c5 2. Nf3 Nc6 3. d4 cxd4 4. Nxd4 Nf6 5. Nc3 d6 6. Be3 Ng4 7. Bc4 Nxe3 8. fxe3 Ne5 9. Bb3 g6 10. Qd2 Bg7 11. 0-0-0 a6 12. h3 0-0 13. Rhf1 Bd7 14. Nf3 b5 15. Nxe5 Bxe5 16. Ne2 a5 17. Nd4 Ra7 18. a3 Qb6 19. Qf2 Bf6 20. Qd2 Qc5 21. Kb1 Qe5 22. Qd3 Rb7 23. Bd5 Rb6 24. c3 b4 25. axb4 axb4 26. Nf3 Qg3 27. e5 Bxe5 28. Nxe5 Qxe5 29. c4 Bf5 30. e4 Bc8 31. Qe3 Ra6 32. c5 e6 33. Bc4 Rc6 34. cxd6 Rxc4 35. d7 Bxd7 36. Rxd7 Qxe4+ 37. Qxe4 Rxe4 38. Rb7 h5 39. Kc1 Re2 40. Rxb4 Rxg2 41. Rf3 Kg7 42. Kb1 g5 43. Ka2 Kg6 44. Kb3 h4 45. Kc4 Rg3 46. Rbb3 Rxf3 47. Rxf3 f5 48. Kd4 Rd8+ 49. Kc4 g4 50. hxg4 fxg4 51. Rf4 Kg5 52. Rf7 g3 53. Rh7 Kg4 54. b4 h3 55. b5 g2 56. b6 Kf5 0-1

[Event "CZE-chTJ 0102"]
[Site "Czech Republic"]
[Date "2002.??.??"]
[Round "6"]
[White "Blecha, Miroslav"]
[Black "Hlavac, Frantisek"]
[Result "1/2-1/2"]
[WhiteElo "2138"]
[BlackElo "2158"]
[PlyCount "104"]
[EventDate "2001.??.??"]
[EventType "team-tourn"]
[EventRounds "11"]
[EventCountry "CZE"]
[SourceTitle "EXT 2003"]
[Source "ChessBase"]
[SourceDate "2002.11.25"]
[SourceVersion "1"]
[SourceVersionDate "2002.11.25"]
[SourceQuality "1"]
[WhiteTeam "Plzen Letna"]
[BlackTeam "Sokolov"]
[WhiteTeamCountry "CZE"]
[BlackTeamCountry "CZE"]

1. e4 Nf6 2. e5 Nd5 3. d4 d6 4. c4 Nb6 5. f4 Bf5 6. Nf3 dxe5 7. Nxe5 e6 8. Nc3 N6d7 9. Qa4 c6 10. Be3 Qb6 11. Qb3 Qxb3 12. axb3 Bc2 13. Nf3 Nf6 14. Rc1 Bg6 15. Nh4 Bh5 16. h3 Be7 17. g4 Nfd7 18. Bf2 Bg6 19. Nxg6 hxg6 20. Bg2 Bb4 21. 0-0 0-0 22. Ra1 Na6 23. Bxc6 bxc6 24. Rxa6 Rfc8 25. Rfa1 Rc7 26. Bg3 f5 27. g5 Nb8 28. R6a4 Rb7 29. Rb1 Be7 30. Re1 Kf7 31. Re2 Rxb3 32. Ra1 Nd7 33. Rae1 Nf8 34. Bf2 Rab8 35. d5 cxd5 36. cxd5 Rxb2 37. dxe6+ Ke8 38. Bxa7 Rxe2 39. Rxe2 Rc8 40. Bd4 Rc6 41. Bxg7 Nxe6 42. Be5 Kf7 43. Nd5 Rc1+ 44. Kg2 Bc5 45. Rb2 Rg1+ 46. Kh2 Rd1 47. Rb7+ Kf8 48. Nf6 Be3 49. Rb4 Kf7 50. Kg3 Rd3 51. Kg2 Bd2 52. Ra4 Bc3 1/2-1/2

[Event "Brno Duras BVK op-A"]
[Site "Brno"]
[Date "2002.??.??"]
[Round "8"]
[White "Bures, Vit"]
[Black "Hlavac, Frantisek"]
[Result "1/2-1/2"]
[WhiteElo "2165"]
[BlackElo "2158"]
[PlyCount "23"]
[EventDate "2002.??.??"]
[EventType "swiss"]
[EventRounds "9"]
[EventCountry "CZE"]
[SourceTitle "EXT 2006"]
[Source "ChessBase"]
[SourceDate "2005.11.24"]
[SourceVersion "1"]
[SourceVersionDate "2005.11.24"]
[SourceQuality "1"]

1. e4 c5 2. Nf3 Nc6 3. Bb5 g6 4. 0-0 Bg7 5. c3 Nf6 6. Re1 0-0 7. d4 cxd4 8. cxd4 d5 9. e5 Ne4 10. Nc3 Nxc3 11. bxc3 Bg4 12. h3 1/2-1/2

[Event "CZE-chT B1 corr"]
[Site "Czechia"]
[Date "2002.??.??"]
[Round "?"]
[White "Hlavac, Frantisek"]
[Black "Jedlicka, Ales"]
[Result "1/2-1/2"]
[WhiteElo "2405"]
[BlackElo "2270"]
[PlyCount "43"]
[EventDate "2002.??.??"]
[EventType "team (corr)"]
[EventRounds "14"]
[EventCountry "CZE"]
[SourceTitle "Corr 2004"]
[Source "ChessBase"]
[SourceDate "2003.04.28"]
[SourceVersion "3"]
[SourceVersionDate "2003.04.28"]
[SourceQuality "1"]

1. e4 c5 2. Nf3 d6 3. d4 cxd4 4. Nxd4 Nf6 5. Nc3 a6 6. Bg5 e6 7. f4 Qb6 8. Nb3 Be7 9. Qf3 Nbd7 10. 0-0-0 Qc7 11. Bd3 b5 12. Rhe1 Bb7 13. Kb1 b4 14. Ne2 0-0 15. Qh3 Rfc8 16. Ned4 Nf8 17. Qg3 Nh5 18. Qh4 Nxf4 19. Qxf4 e5 20. Qf5 Bxg5 21. Qxg5 exd4 22. Nxd4 1/2-1/2

[Event "CZE-chT B1 corr"]
[Site "Czechia"]
[Date "2002.??.??"]
[Round "?"]
[White "Hlavac, Frantisek"]
[Black "Kolar, Pavel"]
[Result "1/2-1/2"]
[WhiteElo "2405"]
[BlackElo "2260"]
[PlyCount "48"]
[EventDate "2002.??.??"]
[EventType "team (corr)"]
[EventRounds "14"]
[EventCountry "CZE"]
[SourceTitle "Corr 2004"]
[Source "ChessBase"]
[SourceDate "2003.04.28"]
[SourceVersion "3"]
[SourceVersionDate "2003.04.28"]
[SourceQuality "1"]

1. e4 e6 2. d4 d5 3. e5 c5 4. Nc3 Nc6 5. Nf3 cxd4 6. Nb5 Bc5 7. h4 Qb6 8. a3 a6 9. b4 axb5 10. bxc5 Qxc5 11. Bd3 f6 12. Bf4 fxe5 13. Bxe5 Nxe5 14. Nxe5 Nf6 15. 0-0 0-0 16. h5 Nd7 17. Qe2 Qc7 18. f4 Nxe5 19. fxe5 Bd7 20. h6 g6 21. Rae1 Qc5 22. Qg4 Qxa3 23. Bxg6 Rxf1+ 24. Rxf1 Qe3+ 1/2-1/2

[Event "Brno Duras BVK op-A"]
[Site "Brno"]
[Date "2002.??.??"]
[Round "9"]
[White "Hlavac, Frantisek"]
[Black "Meszaros, Ludek"]
[Result "1/2-1/2"]
[WhiteElo "2158"]
[BlackElo "2231"]
[PlyCount "79"]
[EventDate "2002.??.??"]
[EventType "swiss"]
[EventRounds "9"]
[EventCountry "CZE"]
[SourceTitle "EXT 2006"]
[Source "ChessBase"]
[SourceDate "2005.11.24"]
[SourceVersion "1"]
[SourceVersionDate "2005.11.24"]
[SourceQuality "1"]

1. e4 e5 2. Nf3 Nc6 3. Bb5 a6 4. Ba4 Nf6 5. d4 exd4 6. 0-0 Be7 7. e5 Ne4 8. Nxd4 0-0 9. Nf5 d5 10. Bxc6 bxc6 11. Nxe7+ Qxe7 12. Re1 Re8 13. f3 Nd6 14. b3 Nf5 15. Bb2 Qg5 16. Qd2 Qg6 17. Qf2 Ne7 18. Nc3 Bf5 19. Re2 h5 20. Na4 h4 21. Nc5 Qh5 22. Rae1 Be6 23. g4 hxg3 24. hxg3 Ng6 25. Bc1 Nf8 26. g4 Qg6 27. Qh4 Qh7 28. Qg3 Qg6 29. Rh2 f5 30. exf6 Qxf6 31. Qf4 Qc3 32. Nd3 Bf7 33. Rxe8 Rxe8 34. Bb2 Re1+ 35. Kf2 Qxc2+ 36. Kxe1 Qxd3 37. Rh8+ Kxh8 38. Qh6+ Qh7 39. Bxg7+ Kg8 40. Bxf8 1/2-1/2

[Event "CZE-chTJ 0102"]
[Site "Czech Republic"]
[Date "2002.??.??"]
[Round "8"]
[White "Hlavac, Frantisek"]
[Black "Randa, Miroslav"]
[Result "1-0"]
[WhiteElo "2158"]
[BlackElo "1981"]
[PlyCount "81"]
[EventDate "2001.??.??"]
[EventType "team-tourn"]
[EventRounds "11"]
[EventCountry "CZE"]
[SourceTitle "EXT 2003"]
[Source "ChessBase"]
[SourceDate "2002.11.25"]
[SourceVersion "1"]
[SourceVersionDate "2002.11.25"]
[SourceQuality "1"]
[WhiteTeam "Sokolov"]
[BlackTeam "Line"]
[WhiteTeamCountry "CZE"]
[BlackTeamCountry "CZE"]

1. e4 g6 2. d4 c6 3. c3 d5 4. exd5 cxd5 5. Nf3 Bg7 6. Na3 a6 7. Bf4 Nf6 8. Bd3 Nc6 9. h3 0-0 10. 0-0 Bd7 11. Qc1 Qc8 12. Re1 Nh5 13. Bh2 Nf6 14. Qe3 Bf5 15. Bf1 h5 16. Bf4 Kh7 17. Ne5 Ng8 18. f3 Nxe5 19. dxe5 f6 20. g4 hxg4 21. hxg4 fxe5 22. Bxe5 Bxe5 23. Qxe5 Bxg4 24. fxg4 Qxg4+ 25. Bg2 Rf5 26. Qe2 Qh4 27. Rf1 Rh5 28. Rf3 Qh2+ 29. Kf1 Qd6 30. Re1 e5 31. Rf7+ Kh8 32. Qg4 Nh6 33. Rd7 Rf8+ 34. Ke2 Qb6 35. Qb4 Qf2+ 36. Kd1 e4 37. Qe7 Rf7 38. Qe8+ Kg7 39. Rxf7+ Nxf7 40. Rf1 Qxg2 41. Qxf7+ 1-0

[Event "CZE-chT B1 corr"]
[Site "Czechia"]
[Date "2002.??.??"]
[Round "?"]
[White "Straka, Zdenek"]
[Black "Hlavac, Frantisek"]
[Result "1-0"]
[WhiteElo "2360"]
[BlackElo "2405"]
[PlyCount "83"]
[EventDate "2002.??.??"]
[EventType "team (corr)"]
[EventRounds "14"]
[EventCountry "CZE"]
[SourceTitle "Corr 2004"]
[Source "ChessBase"]
[SourceDate "2003.04.28"]
[SourceVersion "3"]
[SourceVersionDate "2003.04.28"]
[SourceQuality "1"]

1. Nf3 Nf6 2. c4 g6 3. Nc3 Bg7 4. e4 d6 5. d4 0-0 6. Be2 e5 7. 0-0 Nc6 8. d5 Ne7 9. b4 a5 10. Ba3 Nh5 11. c5 Nf4 12. b5 Bg4 13. Nd2 Nxe2+ 14. Nxe2 dxc5 15. Bxc5 b6 16. Ba3 Re8 17. Nc4 Nc8 18. Rc1 Bd7 19. Nc3 Qh4 20. Qd3 Rd8 21. Rc2 Ra7 22. Bc1 f5 23. a4 Nd6 24. f3 Rb7 25. Ba3 Nf7 26. d6 Be6 27. Nd5 cxd6 28. Bc1 Rdb8 29. Be3 Bh6 30. Ncxb6 Bxe3+ 31. Qxe3 fxe4 32. fxe4 Ng5 33. g3 Qh6 34. Nc4 Rf7 35. Rxf7 Bxf7 36. Qd3 Rf8 37. b6 Bxd5 38. Qxd5+ Kh8 39. Qxd6 Nf3+ 40. Kh1 Nxh2 41. Qxf8+ Qxf8 42. Kxh2 1-0

[Event "CZE-chT B2 corr"]
[Site "Czech Republic"]
[Date "2000.??.??"]
[Round "?"]
[White "Hlavac, Frantisek"]
[Black "Pletanek, Jan"]
[Result "1/2-1/2"]
[WhiteElo "2405"]
[BlackElo "2440"]
[PlyCount "48"]
[EventDate "2000.??.??"]
[EventType "team (corr)"]
[EventRounds "14"]
[EventCountry "CZE"]
[SourceTitle "Corr 2002"]
[Source "ChessBase"]
[SourceDate "2002.05.23"]
[SourceVersion "1"]
[SourceVersionDate "2002.05.23"]
[SourceQuality "1"]

1. d4 Nf6 2. c4 e6 3. g3 d5 4. Bg2 Be7 5. Nf3 0-0 6. 0-0 dxc4 7. Qc2 a6 8. a4 Bd7 9. Qxc4 Bc6 10. Bg5 a5 11. Nc3 Na6 12. Rfd1 Nb4 13. Rac1 Bxf3 14. Bxf3 c6 15. Bg2 Nd7 16. Bxe7 Qxe7 17. Na2 Nb6 18. Qb3 N6d5 19. Nxb4 Nxb4 20. Rc5 Rfd8 21. e3 b6 22. Rc3 Rac8 23. Rdc1 Rd6 24. Rc4 Qd7 1/2-1/2

[Event "CZE-chT B2 corr"]
[Site "Czech Republic"]
[Date "2000.??.??"]
[Round "?"]
[White "Hlavac, Frantisek"]
[Black "Svihel, Karel"]
[Result "1/2-1/2"]
[WhiteElo "2405"]
[BlackElo "2295"]
[PlyCount "36"]
[EventDate "2000.??.??"]
[EventType "team (corr)"]
[EventRounds "14"]
[EventCountry "CZE"]
[SourceTitle "Corr 2002"]
[Source "ChessBase"]
[SourceDate "2002.05.23"]
[SourceVersion "1"]
[SourceVersionDate "2002.05.23"]
[SourceQuality "1"]

1. e4 e5 2. Nc3 Nf6 3. Bc4 Nxe4 4. Qh5 Nd6 5. Bb3 Be7 6. Nf3 Nc6 7. Nxe5 g6 8. Nxc6 dxc6 9. Qd1 Nf5 10. 0-0 Nd4 11. d3 0-0 12. Bf4 Bd6 13. Qd2 Bxf4 14. Qxf4 Be6 15. Bxe6 Nxe6 16. Qd2 f5 17. Rfe1 Qd6 18. Ne2 Rfe8 1/2-1/2